| 000 | 01986nam a22003257a 4500 | ||
|---|---|---|---|
| 999 |
_c6471 _d6471 |
||
| 003 | OSt | ||
| 005 | 20200212164447.0 | ||
| 008 | 200210s2009 cl o|||fr|||| 00| 0 spa d | ||
| 020 | _a9789568827069 | ||
| 040 |
_aCO-JMCR _cCO-JMCR |
||
| 041 | 1 |
_aspa _heng |
|
| 082 |
_a658.409 / _bW19c _220 |
||
| 100 | 1 |
_aWaldroop, James, _eautor _9347 |
|
| 245 | 1 | 0 |
_aConstruya su carrera : _bsoluciones prácticas para los desafíos del día a día / _cJames Waldroop y Timothy Butler |
| 250 | _a1a. edición | ||
| 260 |
_aSantiago de Chile : _bHarvard Business Press, _c2009 |
||
| 300 |
_ax, 94 páginas : _bfotografías a blanco y negro ; _c18 cm. |
||
| 490 | 0 | _aSerie Pocket Mentor | |
| 500 | _aIncluye datos biográficos de los autores en tapa posterior. | ||
| 500 | _a"Conózcase, identifique oportunidades, desarrolle nuevas habilidades, tome la iniciativa"--Tapa | ||
| 500 | _aTítulo original: Shaping your career | ||
| 505 | 0 | _aConstruya su carrera: lo básico -- ¿Qué significa construir su carrera? -- Hacerse cargo de su carrera -- Conocerse a sí mismo -- Comprender sus vocaciones en los negocios -- Clasificar sus valores respecto de las recompensas laborales -- Evaluar sus destrezas -- Encontrar oportunidades de desarrollo en su empresa -- Ayudar a otros a gestionar sus carreras -- Consejos y herramientas -- Herramientas de construya su carrera | |
| 520 | _aSu carrera no es una decisión que se toma una sola vez a edad temprana. Más bien, se perfecciona y se vuelve a definir a medida que usted crece profesionalmente. Construya su carrera lo ayuda a: reconocer cuándo y por qué es tiempo de cambiar, actualizar sus destrezas para mantenerse competitivo, detectar oportunidade para el desarrollo de carrera. | ||
| 546 | _aTraducido del inglés | ||
| 650 | 1 | 4 |
_aOrientación profesional _9348 |
| 650 | 1 | 4 |
_aDesarrollo de carrera _xhabilidades _9349 |
| 650 | 1 | 4 |
_aCualificaciones vocacionales _9350 |
| 700 | 1 |
_aButler, Timothy, _eautor _9351 |
|
| 942 |
_2ddc _cBK |
||